000 00500nam a2200181Ia 4500
008 240729s9999 xx 000 0 und d
022 _a1861-6909
245 0 _aEuropean Review of Aging and Physical Activity
260 _aUnited Kingdom
260 _bBMC
650 _a Geriatrics
650 _a Internal medicine
650 _a Special situations and conditions
650 _aMedicine
856 _uhttps://doaj.org/toc/20ca934238ad4c1b9ef8bbdd52bb369b
942 _2ddc
942 _cDOAJEJ
999 _c74507
_d74507
945 _a1
_bMadushi Gamage
_c1
_dMadushi Gamage